000 00766nam a2200301Ia 4500
008 160803s9999 xx 000 0 und d
020 _a9780590956178
100 _aCosby, Bill
245 4 _aThe best way to play /
245 _cby Bill Cosby ; illustrated by Varnette P. Honeywood.
260 _aNew York :
260 _bScholastic Inc.
260 _c1997
300 _a1 volume (unpaged) :
300 _bcolor illustrations ;
300 _c24 cm.
440 _aScholastic reader.,
440 _vLevel 3.
650 _aAfrican Americans --
650 _aImagination --
650 _aPlay --
650 _aVideo games --
650 _xFiction.
650 _xFiction.
650 _xFiction.
650 _xFiction.
700 _a360
999 _c299496
_d299496